000 00959cam a2200265 a 4500
001 2809
005 20240116092402.0
020 _a0439295025 (pbk. : alk. paper)
040 _aDLC
_cDLC
_dDLC
_beng
050 0 0 _aPR6068.O93
_bQ53 2001
082 0 0 _a823/.914
_221
100 1 _aWhisp, Kennilworthy
245 1 0 _aQuidditch through the ages /
_cKennilworthy Whisp
250 _aFirst American edition, February 2001
260 _aNew York :
_bArthur A. Levine Books,
_b
_c2001
300 _a56 pages ;
_billustrations ;
_c20 cm
500 _aWritten by J.K. Rowling as a fictitious author.
505 _aZ
520 _aA history of the sport Quidditch, answering such questions such as where the Golden Snitch came from, or why the Wigtown Wanderers have meat cleavers on their robes.
521 _a1280
_bLexile
521 _aZ
_bRaz-Plus
650 0 _aSports
_vMiscellanea.
906 _a7
_bcbc
_corignew
_d1
_eocip
_f20
_gy-gencatlg
942 _2ddc
_cBK
_n0
999 _c2809
_d2809